000 00625cam a2200205 4500
001 X107195
008 000000n2000 000 0 eng u
035 _a(Sirsi) u107195
100 _aHerling, D.
245 4 _aThe divide between procedural and substantive unfairness
260 _c2000
490 _aJournal of Planning and Environment Law
_vJuly 2000, 666-677(13)
520 _aThe article, with reference to case law, considers the issue of procedural and substantive unfairness.
650 _aPROCEDURE
650 _aFAIRNESS
650 _aADJOURNMENT
690 _aLAW
700 _aPurdue, M.
942 _n0
999 _c64082
_d64082